El pueblo gitano contra el sistema-mundo : reflexiones desde una militancia feminista y anticapitalista /

Bibliographic Details
Main Author: Filigrana, Pastora (Author)
Format: Electronic eBook
Language:Spanish
Published: Ciudad de México : Akal, [2020]
Series:Inter Pares. Serie Poscolonial.
Subjects:
Online Access:Digitalia Hispánica

MARC

LEADER 00000nam a2200000 i 4500
001 DIGAKAL0625
003 NyNyDIG
007 cr |||||||||||
008 220614s2020 mx ob 000 0 spa d
006 m o d
035 |a (OCoLC)1335130836 
040 |a DGITA  |b eng  |e rda  |e pn  |c DGITA 
020 |a 9788446048787  |q eBook 
020 |z 9786078683185 
050 1 4 |a DX115 ebook 
082 1 4 |a 909.0491497 
100 1 |a Filigrana, Pastora,  |e author. 
245 1 3 |a El pueblo gitano contra el sistema-mundo :  |b reflexiones desde una militancia feminista y anticapitalista /  |c Pastora Filigrana. 
264 1 |a Ciudad de México :  |b Akal,  |c [2020] 
300 |a 1 online resource. 
336 |a text  |b txt  |2 rdacontent 
337 |a computer  |b c  |2 rdamedia 
338 |a online resource  |b cr  |2 rdacarrier 
347 |a text file  |2 rdaft 
347 |b EPUB 
490 1 |a Akal Inter Pares. Serie Poscolonial 
504 |a Includes bibliographical references. 
588 0 |a Online resource; title from ePub title page (Digitalia, viewed June 14, 2022) 
650 0 |a Romanies. 
655 0 |a Electronic books. 
791 2 |a Digitalia (Firm),  |e distributor. 
793 0 |g Digitalia eBook Collection:  |a Akal 
776 0 8 |i Print version:  |a Filigrana, Pastora.  |t Pueblo gitano contra el sistema-mundo.  |d Ciudad de México : Akal, [2020]  |z 9786078683185 
830 0 |a Inter Pares.  |p Serie Poscolonial. 
856 4 0 |3 Digitalia Hispánica  |u https://www.digitaliapublishing.com/a/70677/ 
910 |a Premium collection: 2022